<?xml version="1.0" encoding="UTF-8"?>
<record
    xmlns:xsi="http://www.w3.org/2001/XMLSchema-instance"
    xsi:schemaLocation="http://www.loc.gov/MARC21/slim http://www.loc.gov/standards/marcxml/schema/MARC21slim.xsd"
    xmlns="http://www.loc.gov/MARC21/slim">

  <leader>00534nam a22001937a 4500</leader>
  <controlfield tag="003">Ost</controlfield>
  <controlfield tag="005">20250408104510.0</controlfield>
  <controlfield tag="008">250408b        |||||||| |||| 00| 0 eng d</controlfield>
  <datafield tag="020" ind1=" " ind2=" ">
    <subfield code="a">9789993692805</subfield>
  </datafield>
  <datafield tag="040" ind1=" " ind2=" ">
    <subfield code="c">BT-PhCST</subfield>
  </datafield>
  <datafield tag="050" ind1=" " ind2=" ">
    <subfield code="a">00384-00386</subfield>
  </datafield>
  <datafield tag="082" ind1=" " ind2=" ">
    <subfield code="2">22</subfield>
    <subfield code="a">A1.5</subfield>
    <subfield code="b">CST</subfield>
  </datafield>
  <datafield tag="100" ind1=" " ind2=" ">
    <subfield code="a">College of Science &amp; Technology.</subfield>
  </datafield>
  <datafield tag="245" ind1=" " ind2=" ">
    <subfield code="a">A technical journal vision, innovation, change :</subfield>
  </datafield>
  <datafield tag="260" ind1=" " ind2=" ">
    <subfield code="a">Phuntsholing, Bhutan :</subfield>
    <subfield code="b">CST,</subfield>
    <subfield code="c">June, 2019.</subfield>
  </datafield>
  <datafield tag="300" ind1=" " ind2=" ">
    <subfield code="a">39 p. :</subfield>
    <subfield code="b">ill. ;</subfield>
    <subfield code="c">24 cm.</subfield>
  </datafield>
  <datafield tag="440" ind1=" " ind2=" ">
    <subfield code="v">vol. 4, issue. 1</subfield>
  </datafield>
  <datafield tag="942" ind1=" " ind2=" ">
    <subfield code="2">ddc</subfield>
    <subfield code="c">JRL</subfield>
  </datafield>
  <datafield tag="999" ind1=" " ind2=" ">
    <subfield code="c">9992</subfield>
    <subfield code="d">9992</subfield>
  </datafield>
  <datafield tag="952" ind1=" " ind2=" ">
    <subfield code="0">0</subfield>
    <subfield code="1">0</subfield>
    <subfield code="2">ddc</subfield>
    <subfield code="4">0</subfield>
    <subfield code="7">0</subfield>
    <subfield code="a">LIB001</subfield>
    <subfield code="b">LIB001</subfield>
    <subfield code="d">2025-04-08</subfield>
    <subfield code="l">0</subfield>
    <subfield code="o">A1.5 CST</subfield>
    <subfield code="p">J00384</subfield>
    <subfield code="r">2025-04-08 00:00:00</subfield>
    <subfield code="w">2025-04-08</subfield>
    <subfield code="y">JRL</subfield>
  </datafield>
  <datafield tag="952" ind1=" " ind2=" ">
    <subfield code="0">0</subfield>
    <subfield code="1">0</subfield>
    <subfield code="2">ddc</subfield>
    <subfield code="4">0</subfield>
    <subfield code="7">0</subfield>
    <subfield code="a">LIB001</subfield>
    <subfield code="b">LIB001</subfield>
    <subfield code="d">2025-04-08</subfield>
    <subfield code="l">0</subfield>
    <subfield code="o">A1.5 CST</subfield>
    <subfield code="p">J00385</subfield>
    <subfield code="r">2025-04-08 00:00:00</subfield>
    <subfield code="w">2025-04-08</subfield>
    <subfield code="y">JRL</subfield>
  </datafield>
  <datafield tag="952" ind1=" " ind2=" ">
    <subfield code="0">0</subfield>
    <subfield code="1">0</subfield>
    <subfield code="2">ddc</subfield>
    <subfield code="4">0</subfield>
    <subfield code="7">0</subfield>
    <subfield code="a">LIB001</subfield>
    <subfield code="b">LIB001</subfield>
    <subfield code="d">2025-04-08</subfield>
    <subfield code="l">0</subfield>
    <subfield code="o">A1.5 CST</subfield>
    <subfield code="p">J00386</subfield>
    <subfield code="r">2025-04-08 00:00:00</subfield>
    <subfield code="w">2025-04-08</subfield>
    <subfield code="y">JRL</subfield>
  </datafield>
</record>
